=LDR 00000nam 2200000 4500 =001 NUTBA000000000005698 =005 20141105150827.0 =006 =007 =008 =020 ##$$a 979.9314.51-8 =035 ##$$a 0010-111400000000177 =040 ##$$a NBPDMAT =082 ##$$a 351.720 959 8 =090 ##$$a 351.720 959 8 Sim d =100 ##$$a Simatupang Dian Puji N =245 ##$$a Determinasi kebijakan anggaran negara Indonesia studi yuridis$cDian Puji N Simatupang =250 ##$$a Cet. 1 =260 ##$$a Jakarta$bPopos Suar sinanti$c2005 =300 ##$$a 281 hlm$c21 cm =650 ##$$a Anggaran Pendapatan dan Belanja Negara-Indonesia =850 ##$$a NBPDMAT